Copa do Mundo FIFA 2018 - Statistics

Estatísticas Gerais
  • Esse quiz foi jogado 278 vezes
  • A pontuação média é 28 de 32
Estatísticas das Respostas
Times % Correto
Argentina
100%
Brasil
99%
França
98%
Colômbia
97%
Uruguai
97%
Espanha
96%
Portugal
96%
Alemanha
95%
Peru
95%
Japão
94%
Bélgica
93%
Rússia
93%
Croácia
92%
Inglaterra
92%
Suíça
92%
Coréia do Sul
91%
México
91%
Egito
90%
Costa Rica
87%
Suécia
87%
Austrália
86%
Dinamarca
85%
Marrocos
83%
Senegal
82%
Sérvia
82%
Nigéria
79%
Panamá
79%
Arábia Saudita
78%
Irã
78%
Polônia
75%
Islândia
71%
Tunísia
69%
Nenhum quiz correspondente encontrado
Distribuição das Pontuações
Porcentagem de Pessoas com Cada Pontuação
Percentil de Números Respondidos
Sua Pontuação Histórica
Você não jogou esse quiz